Handbook of research on entrepreneurship and regional development : (Record no. 19576)
[ view plain ]
| 000 -LEADER | |
|---|---|
| fixed length control field | 00826cam a22002298a 4500 |
| 001 - CONTROL NUMBER | |
| control field | 016246542 |
| 003 - CONTROL NUMBER IDENTIFIER | |
| control field | OSt |
| 005 - DATE AND TIME OF LATEST TRANSACTION | |
| control field | 20201128021304.0 |
| 008 - FIXED-LENGTH DATA ELEMENTS--GENERAL INFORMATION | |
| fixed length control field | 121221t2011 enka frb 001 0 eng d |
| 020 ## - INTERNATIONAL STANDARD BOOK NUMBER | |
| International Standard Book Number | 9780857936196 (pbk.) |
| 040 ## - CATALOGING SOURCE | |
| Original cataloging agency | StDuBDS |
| Language of cataloging | eng |
| Transcribing agency | StDuBDS |
| Description conventions | EG-ScBUE |
| 082 04 - DEWEY DECIMAL CLASSIFICATION NUMBER | |
| Classification number | 338.04 |
| Edition number | 22 |
| Item number | HAN |
| 245 00 - TITLE STATEMENT | |
| Title | Handbook of research on entrepreneurship and regional development : |
| Remainder of title | national and regional perspectives / |
| Statement of responsibility, etc | edited by Michael Fritsch. |
| 260 ## - PUBLICATION, DISTRIBUTION, ETC. (IMPRINT) | |
| Place of publication, distribution, etc | Cheltenham ; |
| -- | Massachusetts : |
| Name of publisher, distributor, etc | Edward Elgar, |
| Date of publication, distribution, etc | c.2011. |
| 300 ## - PHYSICAL DESCRIPTION | |
| Extent | vi, 349 p. : |
| Dimensions | ill. ; |
| Other physical details | 24 cm. |
| 504 ## - BIBLIOGRAPHY, ETC. NOTE | |
| Bibliography, etc | Includes bibliographical references and indexes. |
| 650 #7 - SUBJECT ADDED ENTRY--TOPICAL TERM | |
| Topical term or geographic name as entry element | Entrepreneurship. |
| Source of heading or term | BUEsh |
| 9 (RLIN) | 240 |
| 650 #7 - SUBJECT ADDED ENTRY--TOPICAL TERM | |
| Topical term or geographic name as entry element | Regional planning. |
| Source of heading or term | BUEsh |
| 9 (RLIN) | 36592 |
| 653 ## - INDEX TERM--UNCONTROLLED | |
| Resource For college | BAEPS, Business Administration |
| Arrived date list | June2015 |
| -- | November2015 |
| 700 1# - ADDED ENTRY--PERSONAL NAME | |
| Personal name | Fritsch, Michael. |
| Title of a work | editor |
| 942 ## - ADDED ENTRY ELEMENTS (KOHA) | |
| Source of classification or shelving scheme | Dewey Decimal Classification |
| Withdrawn status | Lost status | Source of classification or shelving scheme | Damaged status | Not for loan | Koha collection | Home library | Current library | Shelving location | Date acquired | Source of acquisition | Cost, normal purchase price | Total Checkouts | Total Renewals | Full call number | Barcode | Date last seen | Date last borrowed | Cost, replacement price | Koha item type |
|---|---|---|---|---|---|---|---|---|---|---|---|---|---|---|---|---|---|---|---|
| Dewey Decimal Classification | Baccah | Central Library | Central Library | First floor | 11/06/2015 | Purchase | 390.00 | 1 | 1 | 338.04 HAN | 000038441 | 15/07/2025 | 30/03/2016 | 488.00 | Book - Borrowing | ||||
| Dewey Decimal Classification | Baccah | Central Library | Central Library | First floor | 11/06/2015 | Purchase | 390.00 | 1 | 338.04 HAN | 000038442 | 15/07/2025 | 20/10/2021 | 488.00 | Book - Borrowing |